Statistiken für Osteuropa Karten-Quiz

Klicken Sie hier um das Quiz zu spielen!

Allgemein

  • Dieses Quiz wurde 12.248 mal gespielt
  • Das Durchschnittsergebnis liegt bei 18 aus 21

Antworten auf der Karte

Die Antworten werden auf der Karte rot bzw. grün angezeigt, abhängig davon wie oft sie richtig erraten wurden.
 

Antwortstatistiken

Antwort% Korrekt
Russland
97%
Polen
96%
Ukraine
93%
Belarus
92%
Litauen
91%
Tschechien
89%
Estland
88%
Lettland
88%
Kroatien
87%
Rumänien
85%
Moldawien
83%
Slowenien
80%
Bosnien und
Herzegowina
79%
Albanien
78%
Bulgarien
78%
Ungarn
78%
Kosovo
77%
Serbien
77%
Slowakei
77%
Nordmazedonien
74%
Montenegro
67%

Verteilung der Resultate

Perzentil nach korrekt beantworteten Fragen

Anzahl Personen mit jedem Resultat

Ihre Resultats-Entwicklung

Sie haben dieses Quiz noch nicht gespielt